[Event "Superettan(Wasa II-Helsingborg)"]
[Site "?"]
[Date "2025.03.09"]
[Round "9"]
[White "Eriksson, Lennarth"]
[Black "Olsson Klevtorp, Fredric"]
[Result "0-1"]
[WhiteElo "1951"]
[BlackElo "1981"]
[PlyCount "118"]
[EventDate "2025.??.??"]
[SourceVersionDate "2025.04.03"]

1. d4 Nf6 2. Bg5 c6 3. Bxf6 gxf6 4. Nc3 d5 5. e3 Bf5 6. Nf3 Nd7 7. Nh4 Bg6 8. f4 f5 9. a3 e6 10. g3 Be7 11. Ng2 c5 12. Bb5 a6 13. Bxd7+ Qxd7 14. h4 h5 15. O-O Rc8 16. Ne1 f6 17. Nf3 Kf7 18. Kh2 Kg7 19. Qd2 Bf7 20. Rad1 Qc7 21. Ne2 b5 22. c3 Qb7 23. Rb1 c4 24. Rg1 a5 25. Rgc1 Rb8 26. Qc2 Rhc8 27. Nd2 Rc6 28. b4 cxb3 29. Qxb3 Rb6 30. Qa2 Qa6 31. Nb3 Rc8 32. Rc2 a4 33. Nbc1 Qa8 34. Nd3 Rc4 35. Nb4 Rb7 36. Nd3 Be8 37. Ng1 Rbc7 38. Rbc1 Kh6 39. Nf3 Qc8 40. Qa1 b4 41. axb4 Bxb4 42. Nxb4 Rxb4 43. Qa3 Rb8 44. Qf8+ Kg6 45. g4 fxg4 46. Rg2 Bf7 47. Qd6 Qd8 48. f5+ Kh7 49. Qf4 gxf3 50. Rg3 Rb2+ 51. Kh1 Rg2 52. Qxf3 Rxg3 53. Qxg3 Rc6 54. Rg1 Qf8 55. Qf3 Qh6 56. e4 Rd6 57. Qg3 Rd7 58. fxe6 Bxe6 59. e5 Rg7 0-1

[Event "Superettan(Skara-Farsta)"]
[Site "?"]
[Date "2025.03.09"]
[Round "9"]
[White "Lyu, Tianmin"]
[Black "Olsson, Simon"]
[Result "1-0"]
[WhiteElo "2036"]
[BlackElo "2075"]
[PlyCount "77"]
[SourceVersionDate "2025.04.04"]

1. d4 Nf6 2. Bf4 d5 3. e3 c5 4. Nc3 e6 5. Nb5 Na6 6. Nf3 c4 7. c3 Qb6 8. a4 Be7 9. b3 cxb3 10. Bd3 O-O 11. O-O Bd7 12. Ne5 Rfc8 13. g4 Be8 14. g5 Nd7 15. a5 Qd8 16. Nf3 Nf8 17. Qxb3 Ng6 18. Bxg6 hxg6 19. Rfc1 Bc6 20. h4 Nb8 21. Ne5 a6 22. Na3 Qxa5 23. c4 Qb4 24. Qd3 Qb6 25. Rcb1 Qd8 26. c5 Ra7 27. Kg2 Nd7 28. Rh1 Nxe5 29. Bxe5 Be8 30. h5 Bxg5 31. hxg6 f5 32. f4 Bf6 33. Qe2 Bxg6 34. Nb5 axb5 35. Bxf6 Qxf6 36. Rxa7 Rb8 37. Qxb5 Qe7 38. c6 Be8 39. Rxb7 1-0

[Event "Superettan(Wasa II-Helsingborg)"]
[Site "?"]
[Date "2025.03.09"]
[Round "9"]
[White "Nilsson, Anders"]
[Black "Wenzel, Birger"]
[Result "1-0"]
[WhiteElo "2167"]
[BlackElo "2001"]
[PlyCount "115"]
[EventDate "2025.??.??"]
[SourceVersionDate "2025.04.03"]

1. d4 Nf6 2. Nf3 e6 3. Bg5 c5 4. c3 d5 5. e3 h6 6. Bf4 Bd6 7. Bb5+ Nc6 8. Bxd6 Qxd6 9. Nbd2 O-O 10. O-O a6 11. Bxc6 bxc6 12. Ne5 a5 13. Nb3 cxd4 14. exd4 Nd7 15. Nxd7 Bxd7 16. f4 Rfb8 17. Qd2 Rb5 18. Nc5 Rab8 19. b3 Ra8 20. Qe3 Rbb8 21. Rae1 Kh7 22. Qd3+ g6 23. Rf3 Kg7 24. Qe3 Rh8 25. Ref1 Ra7 26. Rg3 Bc8 27. h4 h5 28. Qe5+ Qxe5 29. fxe5 Re8 30. Rgf3 Rh8 31. Rf6 Re8 32. R1f2 Rh8 33. Kf1 Re8 34. Ke1 Rh8 35. Kd2 Re8 36. Kc2 Ree7 37. a4 Ba6 38. Kd2 Kg8 39. Ke3 Kg7 40. Kf4 Bc8 41. Kg5 Re8 42. g3 Rh8 43. Rb2 Bd7 44. Rf1 Rb8 45. Rfb1 Rf8 46. Rf2 Re8 47. b4 Rb8 48. Rfb2 Rf8 49. Rf2 Rb8 50. Rbb2 axb4 51. Rxb4 Rba8 52. Rfb2 Bc8 53. Rb6 Ba6 54. Rxc6 Bc4 55. Rcb6 Rxa4 56. Nxa4 Rxa4 57. Rb7 Ra1 58. Rf2 1-0

[Event "Superettan(Skara-Farsta)"]
[Site "?"]
[Date "2025.03.09"]
[Round "9"]
[White "Dahlstrom, Rickard"]
[Black "Wieweg, Johnny"]
[Result "0-1"]
[WhiteElo "1957"]
[BlackElo "2071"]
[PlyCount "98"]
[SourceVersionDate "2025.04.04"]

1. c4 Nf6 2. Nc3 g6 3. e4 d6 4. d4 Bg7 5. f3 O-O 6. Be3 e5 7. Nge2 c6 8. Qb3 Qe7 9. Rd1 exd4 10. Nxd4 Na6 11. Be2 Nc7 12. Nc2 Rd8 13. Qa3 Bf8 14. O-O b6 15. Rfe1 Bb7 16. Bg5 h6 17. Bh4 g5 18. Bg3 Nh5 19. Bf2 Nf4 20. Bf1 Qf6 21. Qb3 Rd7 22. c5 d5 23. cxb6 axb6 24. Qxb6 Nce6 25. exd5 cxd5 26. Bb5 Re7 27. Bc5 Rc7 28. Bxf8 Rxf8 29. Nd4 Re7 30. a4 Nxg2 31. Rxe6 fxe6 32. Kxg2 g4 33. Rf1 Qg6 34. f4 Qh5 35. Nce2 e5 36. Qd6 Qh3+ 37. Kg1 Qe3+ 38. Kg2 exd4 39. f5 d3 40. Ng3 d4+ 41. Bc6 Qe5 42. Qg6+ Rg7 43. Qxh6 Rf6 44. Qxg7+ Kxg7 45. Bxb7 Rb6 46. Be4 Rxb2+ 47. Kg1 Kf8 48. f6 Qg5 49. Nf5 Qd2 0-1

[Event "Superettan(Schack 08-Kristineberg)"]
[Site "?"]
[Date "2025.03.09"]
[Round "9"]
[White "Hald Falkesgaard, Jeppe"]
[Black "Faldt, Magnus"]
[Result "1-0"]
[WhiteElo "2261"]
[BlackElo "2140"]
[PlyCount "89"]
[SourceVersionDate "2025.04.03"]

1. c4 c6 2. d4 d5 3. cxd5 cxd5 4. Nc3 Nf6 5. Bf4 Nc6 6. e3 Bf5 7. Nf3 a6 8. Be2 e6 9. Qb3 Na5 10. Qa4+ Nc6 11. Ne5 Qb6 12. Nxc6 bxc6 13. O-O Be7 14. Qb3 Qa7 15. Na4 Nd7 16. Qc3 O-O 17. Rfc1 Rfc8 18. b4 a5 19. b5 Bb4 20. Qb2 cxb5 21. Bxb5 Nb6 22. a3 Be7 23. Qb3 Rxc1+ 24. Rxc1 Rc8 25. Rxc8+ Nxc8 26. Qc3 Nd6 27. Bxd6 Bxd6 28. Qc8+ Bf8 29. Nc5 Qe7 30. Qa8 e5 31. Qxa5 exd4 32. exd4 h5 33. Qc3 Qg5 34. Qe3 Qf6 35. h3 Bxc5 36. dxc5 d4 37. Qf4 d3 38. c6 Qa1+ 39. Kh2 d2 40. Be2 d1=Q 41. Bxd1 Qxd1 42. Qxf5 Qd6+ 43. g3 h4 44. Qc2 hxg3+ 45. fxg3 1-0

[Event "Superettan(Rockaden, Sthlm II-Orgryte)"]
[Site "?"]
[Date "2025.03.09"]
[Round "9"]
[White "Frisk Kockum, Anton"]
[Black "Bator, Robert"]
[Result "1-0"]
[WhiteElo "2328"]
[BlackElo "2338"]
[PlyCount "71"]
[SourceVersionDate "2025.04.04"]

1. d4 d5 2. c4 e6 3. Nf3 Nf6 4. Nc3 Be7 5. Bg5 O-O 6. e3 h6 7. Bf4 c5 8. cxd5 Nxd5 9. Nxd5 exd5 10. dxc5 Bxc5 11. Bd3 Bb4+ 12. Nd2 d4 13. e4 Bd6 14. Bxd6 Qxd6 15. O-O Nc6 16. f4 f5 17. e5 Qe7 18. Nc4 Be6 19. Nd6 g6 20. Bb5 Bd5 21. Bxc6 bxc6 22. Qxd4 a5 23. Rac1 Rfb8 24. a3 Qa7 25. Qxa7 Rxa7 26. Rf2 Ra6 27. Nc4 Rb3 28. Re2 Kf7 29. e6+ Ke7 30. Ne5 g5 31. Ng6+ Kf6 32. e7 Bf7 33. Ne5 Be8 34. Rd1 Rb7 35. Rd6+ Kg7 36. Nc4 1-0

[Event "Superettan(Lulea-Vasteras)"]
[Site "?"]
[Date "2025.03.09"]
[Round "9"]
[White "Carlsson, Ludvig"]
[Black "Ivanisevic, Ivan"]
[Result "1/2-1/2"]
[WhiteElo "2352"]
[BlackElo "2540"]
[PlyCount "56"]
[SourceVersionDate "2025.04.02"]

1. e4 e5 2. Nf3 Nc6 3. Nc3 Nf6 4. d4 Bb4 5. Nxe5 Qe7 6. Qd3 Bxc3+ 7. Qxc3 Nxe4 8. Qe3 Nd6 9. Nxc6 dxc6 10. Qxe7+ Kxe7 11. f3 Be6 12. Bf4 a5 13. a4 Kd7 14. Kf2 h5 15. h4 Rhe8 16. Be2 Bc4 17. Bxc4 Nxc4 18. b3 Nd6 19. Bxd6 Kxd6 20. Rhe1 c5 21. Rad1 Rxe1 22. dxc5+ Kxc5 23. Rxe1 Kd6 24. g4 Rh8 25. Kg3 f6 26. Rd1+ Ke6 27. Re1+ Kd6 28. Rd1+ Ke6 1/2-1/2

[Event "Superettan(Schack 08-Kristineberg)"]
[Site "?"]
[Date "2025.03.09"]
[Round "9"]
[White "Nyander, Joakim"]
[Black "Engstrom, Kaj"]
[Result "0-1"]
[WhiteElo "2175"]
[BlackElo "2171"]
[PlyCount "52"]
[SourceVersionDate "2025.04.03"]

1. Nf3 d5 2. c4 d4 3. g3 c5 4. Bg2 Nc6 5. O-O e5 6. d3 Bd6 7. e3 Nge7 8. exd4 cxd4 9. Na3 O-O 10. Nc2 a5 11. Na3 Ng6 12. Nb5 Be7 13. b3 Bf5 14. a3 Qd7 15. Re1 h6 16. Bb2 Bh3 17. Bh1 Bg4 18. Qc2 f5 19. Nd2 e4 20. dxe4 d3 21. Qb1 Bc5 22. e5 f4 23. e6 fxg3 24. exd7 Bxf2+ 25. Kf1 Bh3+ 26. Bg2 Be3+ 0-1

[Event "Superettan(Rockaden, Sthlm II-Orgryte)"]
[Site "?"]
[Date "2025.03.09"]
[Round "9"]
[White "Hedman, Erik"]
[Black "Rozentalis, Eduardas"]
[Result "0-1"]
[WhiteElo "2267"]
[BlackElo "2485"]
[PlyCount "74"]
[SourceVersionDate "2025.04.04"]

1. e4 c6 2. Nf3 d5 3. Nc3 Bg4 4. h3 Bh5 5. exd5 cxd5 6. g4 Bg6 7. Ne5 Nc6 8. d4 e6 9. h4 f6 10. Nxg6 hxg6 11. Qd3 f5 12. Bg5 Be7 13. Bxe7 Ngxe7 14. O-O-O Qd7 15. Qe3 O-O-O 16. Bb5 a6 17. Na4 Qd6 18. Bxc6 Nxc6 19. Nc5 e5 20. dxe5 Nxe5 21. gxf5 d4 22. Qa3 gxf5 23. Qb4 Rd7 24. a3 Rc7 25. Nb3 Nd3+ 26. Rxd3 Qc6 27. Nxd4 Qxh1+ 28. Rd1 Qxh4 29. Qd2 Rd8 30. c3 g5 31. Kb1 Qe4+ 32. Ka1 f4 33. f3 Qd5 34. Qg2 Re8 35. Rg1 Rce7 36. Kb1 Re1+ 37. Kc2 R8e2+ 0-1

[Event "Superettan(Lulea-Vasteras)"]
[Site "?"]
[Date "2025.03.09"]
[Round "9"]
[White "Ernst, Thomas"]
[Black "Akesson, Ralf"]
[Result "1/2-1/2"]
[WhiteElo "2270"]
[BlackElo "2336"]
[PlyCount "76"]
[SourceVersionDate "2025.04.02"]

1. e4 e6 2. d4 d5 3. Nc3 dxe4 4. Nxe4 Bd7 5. Nf3 Bc6 6. Bd3 Nd7 7. O-O Ngf6 8. Ng3 Bxf3 9. Qxf3 c6 10. b3 g6 11. Bb2 Bg7 12. c4 O-O 13. Rfe1 Re8 14. Bc3 Qc7 15. Rad1 a5 16. Ne4 Nxe4 17. Bxe4 a4 18. Bb1 axb3 19. axb3 b5 20. Be4 Rac8 21. cxb5 cxb5 22. Bb4 Qb6 23. d5 exd5 24. Bxd5 Rxe1+ 25. Bxe1 Nf6 26. Bb7 Rb8 27. Ba8 h5 28. h3 g5 29. Bd5 g4 30. hxg4 hxg4 31. Qf5 Rd8 32. Bc3 Rxd5 33. Rxd5 Nxd5 34. Bxg7 Kxg7 35. Qxd5 Kg6 36. Kf1 f5 37. Ke2 Kf6 38. Kf1 Qb8 1/2-1/2

[Event "Superettan(Schack 08-Kristineberg)"]
[Site "?"]
[Date "2025.03.09"]
[Round "9"]
[White "Dimovski, Mende"]
[Black "Karlsson, Tomas"]
[Result "1/2-1/2"]
[WhiteElo "2106"]
[BlackElo "2242"]
[PlyCount "37"]
[SourceVersionDate "2025.04.03"]

1. e4 e6 2. d4 d5 3. exd5 exd5 4. Nf3 Nf6 5. Bd3 Bd6 6. O-O O-O 7. Bg5 Be6 8. Nbd2 Nbd7 9. Re1 c5 10. dxc5 Nxc5 11. Nb3 h6 12. Bh4 Re8 13. Qd2 Ncd7 14. Nbd4 Qb6 15. c3 Bg4 16. Bf5 Bxf5 17. Nxf5 Bf8 18. Ne3 Qe6 19. Red1 1/2-1/2

[Event "Superettan(Rockaden, Sthlm II-Orgryte)"]
[Site "?"]
[Date "2025.03.09"]
[Round "9"]
[White "Arnelind, Mikael"]
[Black "Kenneskog, Theodor"]
[Result "0-1"]
[WhiteElo "2188"]
[BlackElo "2266"]
[PlyCount "114"]
[SourceVersionDate "2025.04.04"]

1. d4 Nf6 2. c4 e6 3. Nc3 Bb4 4. e3 O-O 5. Bd3 d5 6. Nf3 dxc4 7. Bxc4 c5 8. O-O cxd4 9. exd4 b6 10. Bg5 h6 11. Bh4 Bb7 12. Qe2 Nbd7 13. d5 Bxc3 14. dxe6 Bxf3 15. gxf3 fxe6 16. bxc3 Nc5 17. Rad1 Qe7 18. Rfe1 Rae8 19. Rd4 Qb7 20. Bb5 Re7 21. Red1 Ref7 22. Rd6 Nd5 23. Bc6 Qc7 24. R6xd5 Qxc6 25. Rd8 Qxf3 26. Qxf3 Rxf3 27. Be7 Rxd8 28. Rxd8+ Kh7 29. Ra8 Ne4 30. Rxa7 Rf7 31. Rc7 b5 32. a3 Nxf2 33. Bd6 Rxc7 34. Bxc7 Ne4 35. Be5 Nd2 36. Bd6 Nc4 37. Bc5 Kg6 38. Kf1 Kf5 39. Ke2 Ke4 40. Bf8 h5 41. Bxg7 Nxa3 42. Bf8 Nc4 43. Be7 Nb6 44. Kd2 Nd5 45. Bd6 e5 46. h4 Ne3 47. Be7 Kf3 48. Bd8 e4 49. Be7 Nf5 50. Bd8 e3+ 51. Ke1 e2 52. Bg5 Ne3 53. Bxe3 Kxe3 54. c4 b4 55. c5 b3 56. c6 b2 57. c7 b1=Q# 0-1

[Event "Superettan(Lulea-Vasteras)"]
[Site "?"]
[Date "2025.03.09"]
[Round "9"]
[White "Hamark, Jesper"]
[Black "Mikheev, Stanislav"]
[Result "0-1"]
[WhiteElo "2307"]
[BlackElo "2206"]
[PlyCount "86"]
[SourceVersionDate "2025.04.02"]

1. c4 c6 2. Nf3 d5 3. e3 Nf6 4. Nc3 e6 5. b3 Nbd7 6. Qc2 Bd6 7. Bb2 Qe7 8. Be2 Ne5 9. Nd4 Ng6 10. h4 h5 11. O-O-O Bd7 12. f4 a6 13. f5 Ne5 14. fxe6 fxe6 15. Nf3 b5 16. Nxe5 Bxe5 17. d4 Bc7 18. Bd3 Rb8 19. Bg6+ Kd8 20. cxb5 cxb5 21. Kb1 Rc8 22. Qd2 Ba5 23. Rc1 Qb4 24. Qd3 Rh6 25. Rhf1 Qd6 26. Ne2 Rxc1+ 27. Rxc1 Ng4 28. Nf4 e5 29. dxe5 Nxe5 30. Bxe5 Qxe5 31. Rc2 d4 32. Qxd4 Qxd4 33. exd4 Bc7 34. Rxc7 Kxc7 35. Bxh5 Bf5+ 36. Kb2 g6 37. Bf3 Rxh4 38. Nd5+ Kd6 39. Kc3 Be4 40. Nf6 Bxf3 41. gxf3 Rf4 42. Ne4+ Kd5 43. Nd2 Rxd4 0-1

[Event "Superettan(Schack 08-Kristineberg)"]
[Site "?"]
[Date "2025.03.09"]
[Round "9"]
[White "Sternlund, Hakan"]
[Black "Petkovic, Peter"]
[Result "0-1"]
[WhiteElo "2125"]
[BlackElo "2042"]
[PlyCount "102"]
[SourceVersionDate "2025.04.04"]

1. c4 f5 2. Nc3 g6 3. Nf3 Nh6 4. d4 Nf7 5. e4 d6 6. Bd3 fxe4 7. Bxe4 c6 8. O-O Bg7 9. Ng5 Nxg5 10. Bxg5 O-O 11. Qd2 Nd7 12. Rfe1 Nf6 13. Bf3 Rf7 14. Rad1 Qf8 15. d5 Bd7 16. b4 h6 17. Be3 Bg4 18. Bxg4 Nxg4 19. Ne4 Be5 20. h3 Nxe3 21. Qxe3 g5 22. Nd2 Qg7 23. Nf3 Bc3 24. Re2 Bxb4 25. Qb3 Bc5 26. Qxb7 Raf8 27. Rde1 e5 28. Qb1 g4 29. hxg4 cxd5 30. cxd5 Qxg4 31. Re4 Qg3 32. R1e3 Bxe3 33. Rxe3 Qg7 34. Qd3 Rf4 35. Nh2 Kh8 36. Rg3 Qh7 37. Qb3 Rxf2 38. Nf3 Rc2 39. Ng5 Rc1+ 40. Kh2 Qb1 41. Qxb1 Rxb1 42. Ne4 Rf4 43. Re3 Rxe4 44. Rxe4 Rb5 45. Rc4 a5 46. Rc7 Rxd5 47. Kh3 e4 48. Kg4 Re5 49. Rc2 e3 50. Re2 Kg7 51. Kf4 Kf6 0-1

[Event "Superettan(Rockaden, Sthlm II-Orgryte)"]
[Site "?"]
[Date "2025.03.09"]
[Round "9"]
[White "Bryntze, Stefan"]
[Black "Eksmyr, Johan"]
[Result "0-1"]
[WhiteElo "2229"]
[BlackElo "2097"]
[PlyCount "156"]
[SourceVersionDate "2025.04.04"]

1. f4 d5 2. e3 Nf6 3. b3 Bg4 4. Be2 h5 5. Bb2 Nbd7 6. Nf3 e6 7. O-O Bd6 8. c4 Qe7 9. Nc3 c6 10. Rc1 dxc4 11. bxc4 e5 12. c5 Bc7 13. fxe5 Nxe5 14. Qa4 O-O-O 15. Qxa7 Nxf3+ 16. Bxf3 Rxd2 17. Qa8+ Bb8 18. Na4 Qxe3+ 19. Kh1 Rxb2 20. Nxb2 Bxf3 21. Nc4 Bxg2+ 22. Kxg2 Qg5+ 23. Kh1 Qd5+ 24. Kg1 Qxc5+ 25. Kh1 Qd5+ 26. Kg1 Qd4+ 27. Kh1 Rh6 28. Rf3 Ng4 29. Re1 Re6 30. Rxe6 Qd1+ 31. Kg2 Qc2+ 32. Kg1 Qxh2+ 33. Kf1 Qh1+ 34. Ke2 Qg2+ 35. Ke1 Qg1+ 36. Rf1 Qg3+ 37. Kd1 Qd3+ 38. Nd2 fxe6 39. Rf8+ Kd7 40. Qxb7+ Bc7 41. Qc8+ Kd6 42. Rd8+ Bxd8 43. Qxd8+ Kc5 44. Qxd3 Nf2+ 45. Ke2 Nxd3 46. Kxd3 Kb4 47. Nf3 c5 48. a3+ Kb3 49. a4 c4+ 50. Kd2 c3+ 51. Kd3 Kb2 52. Ne1 h4 53. Ke2 h3 54. Kf2 Kc1 55. a5 Kd1 56. Nd3 c2 57. a6 h2 58. Kg2 Kd2 59. a7 Kxd3 60. a8=Q h1=Q+ 61. Kxh1 c1=Q+ 62. Kh2 Qf4+ 63. Kg1 Qe3+ 64. Kh2 g5 65. Qa6+ Kd2 66. Qa2+ Ke1 67. Qa8 Qf4+ 68. Kh1 e5 69. Qa1+ Ke2 70. Qa6+ Kf3 71. Qf1+ Kg4 72. Qg2+ Kf5 73. Qh3+ Qg4 74. Qh7+ Kf4 75. Qh2+ Kf3 76. Qc2 Qh4+ 77. Kg1 Qe1+ 78. Kh2 Qf2+ 0-1

[Event "Superettan(Lulea-Vasteras)"]
[Site "?"]
[Date "2025.03.09"]
[Round "9"]
[White "Wulkan, Martin"]
[Black "Janse, Love"]
[Result "0-1"]
[WhiteElo "2223"]
[BlackElo "2187"]
[PlyCount "82"]
[SourceVersionDate "2025.04.02"]

1. d4 f5 2. Bg5 h6 3. Bh4 g5 4. e3 Nf6 5. Bg3 d6 6. Nc3 Bg7 7. h4 g4 8. h5 Be6 9. Bd3 Qd7 10. Nge2 Bf7 11. Nf4 e6 12. Qe2 Nc6 13. a3 Rg8 14. Bb5 O-O-O 15. O-O-O Qe8 16. Bh4 Kb8 17. e4 Rc8 18. exf5 exf5 19. Qd3 Ne4 20. Rhe1 Qd7 21. d5 Be5 22. Nfe2 g3 23. Nxe4 fxe4 24. Qe3 Qg4 25. Bxg3 Ne7 26. Bxe5 dxe5 27. Qc5 Nf5 28. Ng3 Nxg3 29. fxg3 Bxh5 30. Rd2 Qxg3 31. Rxe4 Rg4 32. Re3 Qh2 33. Kb1 Qg1+ 34. Ka2 Rg3 35. Rdd3 Bg6 36. Rc3 Bxc2 37. Rxc2 Qxe3 38. Qc4 Qd4 39. Qxd4 exd4 40. Rd2 Rd8 41. Bc4 c5 0-1

[Event "Superettan(Schack 08-Kristineberg)"]
[Site "?"]
[Date "2025.03.09"]
[Round "9"]
[White "Gustafsson, Simon"]
[Black "Ottenklev, Niclas"]
[Result "1-0"]
[WhiteElo "1990"]
[BlackElo "2112"]
[PlyCount "107"]
[SourceVersionDate "2025.04.04"]

1. c4 f5 2. Nc3 Nf6 3. g3 g6 4. Bg2 Bg7 5. d3 O-O 6. Bd2 d6 7. Qc1 c6 8. Bh6 e5 9. Bxg7 Kxg7 10. e3 Be6 11. Nge2 Nbd7 12. O-O Qe7 13. b4 Rac8 14. Qb2 Kg8 15. a4 Nh5 16. Rfd1 f4 17. exf4 exf4 18. Nd4 Ne5 19. Nxe6 Qxe6 20. Ne4 Rcd8 21. c5 d5 22. Nd6 Qf6 23. Ra2 Rd7 24. b5 Nf7 25. Qxf6 Nxf6 26. Nxf7 Rfxf7 27. Rb1 Rde7 28. Bh3 Kg7 29. Kf1 fxg3 30. hxg3 Nd7 31. Bxd7 Rxd7 32. d4 Rde7 33. Re2 Kf6 34. a5 Re4 35. Rxe4 dxe4 36. bxc6 bxc6 37. a6 Rd7 38. Rb4 Ke6 39. Ke2 Kd5 40. Rb7 Rd8 41. Ke3 Rf8 42. Rd7+ Kc4 43. Rxa7 Rf3+ 44. Kxe4 Rxf2 45. Rd7 Re2+ 46. Kf3 Re8 47. a7 h5 48. Kf4 Rh8 49. Rb7 Ra8 50. Ke5 g5 51. Kd6 h4 52. gxh4 gxh4 53. Kxc6 Kxd4 54. Kb6 1-0

[Event "Superettan(Rockaden, Sthlm II-Orgryte)"]
[Site "?"]
[Date "2025.03.09"]
[Round "9"]
[White "Troberg Eskola, Love"]
[Black "Eriksson, Dan"]
[Result "1-0"]
[WhiteElo "2086"]
[BlackElo "2202"]
[PlyCount "107"]
[SourceVersionDate "2025.04.04"]

1. c4 e5 2. Nc3 Nf6 3. e3 Bb4 4. Qb3 Nc6 5. Nge2 O-O 6. a3 Bxc3 7. Nxc3 Ne7 8. Be2 c6 9. O-O d5 10. cxd5 cxd5 11. d3 a6 12. Bd2 d4 13. Ne4 Nc6 14. Nxf6+ Qxf6 15. e4 Qe6 16. Qxe6 Bxe6 17. f4 exf4 18. Bxf4 f6 19. Rac1 Rac8 20. Bd6 Rfd8 21. Bc5 Ne5 22. Bb6 Rd6 23. Bc7 Rc6 24. Rxc6 Nxc6 25. Bb6 Ne5 26. Bxd4 Nxd3 27. Bxd3 Rd8 28. Bxf6 Rxd3 29. Bc3 Re3 30. e5 Re2 31. Rd1 Kf7 32. Kf1 Rc2 33. Rd4 h5 34. h4 Bf5 35. a4 Ke8 36. Rb4 Bd3+ 37. Kg1 Re2 38. Rxb7 Rxg2+ 39. Kxg2 Be4+ 40. Kg3 Bxb7 41. b4 Bc6 42. b5 axb5 43. a5 Bb7 44. Kf4 Kf7 45. Ke3 Ke6 46. Kd4 Kf5 47. Kc5 g5 48. hxg5 Kxg5 49. e6 Kg6 50. Kd6 h4 51. e7 Kf7 52. Kd7 Bc6+ 53. Kxc6 Kxe7 54. a6 1-0

[Event "Superettan(Lulea-Vasteras)"]
[Site "?"]
[Date "2025.03.09"]
[Round "9"]
[White "Norberg, Johan"]
[Black "Hovhannisyan, Hrayr"]
[Result "1-0"]
[WhiteElo "2294"]
[BlackElo "2238"]
[PlyCount "77"]
[SourceVersionDate "2025.04.02"]

1. e4 c6 2. d4 d5 3. Nc3 dxe4 4. Nxe4 Nd7 5. c4 Ngf6 6. Nc3 g6 7. Nf3 Bg7 8. Be2 O-O 9. O-O Qb6 10. h3 Qc7 11. Re1 Rd8 12. Bf1 Nf8 13. Qb3 Be6 14. Qa3 b5 15. cxb5 cxb5 16. Nxb5 Qb7 17. Bf4 Nd5 18. Be5 Bh6 19. Bg3 a5 20. Nc3 Nb4 21. Qa4 Bf5 22. Re5 Ne6 23. a3 Nc2 24. Rxf5 Nxa1 25. Rb5 Qd7 26. d5 Nc7 27. Bxc7 Qxc7 28. Qd1 Bg7 29. Qxa1 Rac8 30. Qe1 a4 31. Nxa4 Qc2 32. Nc3 e6 33. dxe6 Bxc3 34. exf7+ Kf8 35. bxc3 Rd1 36. Qe5 Qxc3 37. Qxc3 Rxc3 38. Ng5 Rc8 39. Rb7 1-0

[Event "Superettan(Schack 08-Kristineberg)"]
[Site "?"]
[Date "2025.03.09"]
[Round "9"]
[White "Ask, Josef"]
[Black "Gorton, Olof"]
[Result "0-1"]
[WhiteElo "2084"]
[BlackElo "1881"]
[PlyCount "110"]
[SourceVersionDate "2025.04.04"]

1. b3 c5 2. Bb2 Nc6 3. e3 e5 4. Bb5 Qc7 5. Ne2 Nge7 6. O-O a6 7. Bxc6 Nxc6 8. f4 d6 9. Ng3 g6 10. Nc3 Be6 11. f5 gxf5 12. Nxf5 h5 13. Qf3 O-O-O 14. Nd5 Bxd5 15. Qxd5 Rd7 16. a3 h4 17. Rf2 Qd8 18. Raf1 Qg5 19. d4 Rg8 20. Rd1 cxd4 21. exd4 f6 22. Qe6 Nd8 23. Qc4+ Rc7 24. Qd5 Nf7 25. Bc1 Qg6 26. Rdf1 Ng5 27. Kh1 h3 28. g3 Qf7 29. Nxd6+ Bxd6 30. Qxd6 Ne4 31. Qb6 Nxf2+ 32. Rxf2 Qd5+ 33. Kg1 Rc6 34. Qa7 Rd8 35. Be3 Qe4 36. Bd2 Rxc2 37. d5 Qxd5 38. Be1 Rxf2 39. Qxf2 Qd4 40. Kf1 Qxf2+ 41. Kxf2 Rd3 42. Bb4 Kd7 43. g4 Ke6 44. Bf8 Rxb3 45. a4 Rc3 46. a5 Kf7 47. Bd6 Kg6 48. Be7 Kg5 49. Bd8 e4 50. Be7 Kxg4 51. Bd6 f5 52. Be5 Ra3 53. Bc7 f4 54. Bb6 Ra2+ 55. Kg1 Kf3 0-1

[Event "Superettan(Rockaden, Sthlm II-Orgryte)"]
[Site "?"]
[Date "2025.03.09"]
[Round "9"]
[White "Zadruzny, Nicolaj"]
[Black "Anderzen, Robert"]
[Result "1-0"]
[WhiteElo "2231"]
[BlackElo "2073"]
[PlyCount "65"]
[SourceVersionDate "2025.04.04"]

1. e4 c5 2. Nf3 e6 3. b3 Nc6 4. Bb2 d6 5. d4 cxd4 6. Nxd4 Nf6 7. Bd3 Be7 8. O-O O-O 9. Nxc6 bxc6 10. e5 dxe5 11. Bxe5 a5 12. a4 Ba6 13. Bxa6 Qxd1 14. Rxd1 Rxa6 15. Nd2 Nd5 16. Nc4 f6 17. Bd6 Kf7 18. Rd3 Ra7 19. Rad1 Bxd6 20. Nxd6+ Ke7 21. Ne4 Rc8 22. Re1 Rcc7 23. g3 c5 24. Ng5 fxg5 25. Rxd5 h6 26. Ree5 c4 27. Rxa5 Rxa5 28. Rxa5 cxb3 29. cxb3 Rb7 30. Rb5 Rxb5 31. axb5 g4 32. Kf1 Kd6 33. Ke2 1-0

[Event "Superettan(Lulea-Vasteras)"]
[Site "?"]
[Date "2025.03.09"]
[Round "9"]
[White "Marklund, Niklas"]
[Black "Kretz, Johan"]
[Result "1-0"]
[WhiteElo "2137"]
[BlackElo "2146"]
[PlyCount "81"]
[SourceVersionDate "2025.04.02"]

1. d4 Nf6 2. c4 e6 3. Nf3 Bb4+ 4. Nbd2 O-O 5. a3 Bxd2+ 6. Bxd2 b6 7. Bg5 Bb7 8. e3 d6 9. Be2 Nbd7 10. Bh4 Qe8 11. O-O h6 12. Nd2 e5 13. Re1 Qe6 14. d5 Qf5 15. f3 g5 16. g4 Qg6 17. Bg3 h5 18. e4 Rfe8 19. h3 Nf8 20. Nf1 hxg4 21. hxg4 Bc8 22. Ne3 Qg7 23. Kf2 Ng6 24. Rh1 Nf4 25. Bd3 Bd7 26. Bc2 Kf8 27. Ba4 Bxa4 28. Qxa4 Ng8 29. Nf5 Qf6 30. Rad1 Ng6 31. Rh7 N6e7 32. Ne3 Nh6 33. Rh1 Neg8 34. Nf5 Nxf5 35. gxf5 Qd8 36. Ke2 Nf6 37. R7h6 Ke7 38. b4 Rg8 39. Qc6 Qd7 40. Bxe5 Nxd5 41. Qxd5 1-0

[Event "Superettan(Schack 08-Kristineberg)"]
[Site "?"]
[Date "2025.03.09"]
[Round "9"]
[White "Mobarak, Mohamed"]
[Black "Bjorkeroth, Johan"]
[Result "0-1"]
[WhiteElo "1892"]
[BlackElo "2095"]
[PlyCount "80"]
[EventDate "2025.??.??"]
[SourceVersionDate "2025.04.04"]

1. Nf3 Nf6 2. g3 d5 3. Bg2 e6 4. d3 c5 5. Nbd2 Nc6 6. O-O Be7 7. e4 O-O 8. Re1 b5 9. h4 Bb7 10. Qe2 Rc8 11. e5 Nd7 12. Nf1 Qb6 13. c3 b4 14. Bf4 bxc3 15. bxc3 Qa5 16. Qc2 Nb6 17. N1h2 Qa4 18. Qd2 d4 19. c4 Nb4 20. Rec1 Qa3 21. Ne1 Bxg2 22. Kxg2 Na4 23. Rcb1 Nc3 24. Rb3 Qa4 25. Qb2 Rb8 26. Bd2 f6 27. Bxc3 dxc3 28. Qxc3 Nxa2 29. Rxa2 Qxa2 30. Ra3 Qe2 31. d4 fxe5 32. Qe3 Rb2 33. Nef3 cxd4 34. Qxe2 Rxe2 35. Rxa7 Bc5 36. Rc7 Bb6 37. Rb7 Ba5 38. Ng4 d3 39. Ngxe5 d2 40. Rd7 Rd8 0-1

[Event "Superettan(Rockaden, Sthlm II-Orgryte)"]
[Site "?"]
[Date "2025.03.09"]
[Round "9"]
[White "Kleimark, Anders"]
[Black "Svorono, Gabriel"]
[Result "0-1"]
[WhiteElo "1961"]
[BlackElo "2149"]
[PlyCount "84"]
[SourceVersionDate "2025.04.04"]

1. d4 Nf6 2. c4 e6 3. g3 d5 4. Nf3 Bb4+ 5. Bd2 a5 6. Qc2 O-O 7. Bg2 c5 8. Bxb4 axb4 9. dxc5 d4 10. O-O Nc6 11. Nbd2 e5 12. Ng5 Qe7 13. Nde4 Nxe4 14. Nxe4 Bf5 15. b3 Ra3 16. Qb2 Bxe4 17. Bxe4 Qxc5 18. Rad1 Rfa8 19. Bb1 Ne7 20. Qc2 g6 21. Qe4 R8a7 22. Qh4 Kg7 23. Kg2 Qc6+ 24. Kg1 Qe6 25. Rfe1 b5 26. Rc1 bxc4 27. Rxc4 Nd5 28. Rc5 Nc3 29. Qd8 Nxb1 30. Rc8 Qe7 31. Qh8+ Kh6 32. Re8 Qd6 33. Rxb1 Rxa2 34. g4 Rxe2 35. h4 f6 36. Rd8 Qe7 37. Re8 Qg7 38. Qxg7+ Kxg7 39. Rb8 d3 40. Rd1 e4 41. f3 exf3 42. Rxd3 Ra1+ 0-1

[Event "Superettan(Lulea-Vasteras)"]
[Site "?"]
[Date "2025.03.09"]
[Round "9"]
[White "Backman, Andreas"]
[Black "Liden, Tommy"]
[Result "1-0"]
[WhiteElo "2106"]
[BlackElo "2107"]
[PlyCount "69"]
[SourceVersionDate "2025.04.02"]

1. e4 c5 2. Nf3 d6 3. d4 cxd4 4. Nxd4 Nf6 5. Nc3 a6 6. Bg5 e6 7. f4 h6 8. Bh4 Qb6 9. Qd2 Qxb2 10. Rb1 Qa3 11. Bxf6 gxf6 12. Be2 Qa5 13. O-O Nc6 14. Nb3 Qc7 15. f5 Bg7 16. fxe6 fxe6 17. Bh5+ Ke7 18. Rf3 Bd7 19. Rg3 Rag8 20. Rf1 Be8 21. Be2 Kd8 22. Kh1 Qe7 23. Nc5 Bf8 24. Rb1 b5 25. Nxa6 Rxg3 26. hxg3 Qa7 27. Nxb5 Qxa6 28. Nxd6 Qxa2 29. Nxe8+ Kc8 30. Rd1 Rh7 31. Qc3 Kb7 32. Ra1 Bb4 33. Qxc6+ Kxc6 34. Rxa2 Bc3 35. Ra6+ 1-0